01400cam a22003135a 45000010009000000050017000090080041000260100017000670200018000840350023001020350020001250400047001450820020001921000028002122450065002402600058003053000035003634900036003985000024004345000027004585040031004855200323005166500032008396510010008716530021008819420008009029990017009109520159009271465520720201128023715.0061204s2006 enka frb f001 0 eng d a 2006299775 a9780192804280 a(OCoLC)ocm69483605 a(OCoLC)69483605 aUKMbengcUKMdBAKERdBWKUKdDLCdEG-ScBUE04a142.78bFLY2221 aFlynn, Thomas R.93976710aExistentialism :ba very short introduction /cThomas Flynn. aOxford ;aNew York :bOxford University Press,c2006. a[xv], 144 p. :bill. ;c18 cm.0 aVery short introductions ;v153 aIndex : p. 136-144. aGlossary : p. 136-144. aBibliography : p. 126-132. aSartre, Nietzsche, Heidegger, Kierkegaard, de Beauvoir Merleau-Ponty and Camus were some of the most important existentialist thinkers. This book provides an account of the existentialist movement, and of the themes of individuality free will, and personal responsibility which make it a 'philosophy as a way of life'. 7aExistentialism.2BUEsh9697 2BUEsh bEEENGcApril2016 2ddc c21576d21548 00102ddc40708Modern A. aMAINbMAINcLOWd2016-04-04ePurchaseg84.00h229l6m142o142.78 FLYp000032259r2025-07-15 00:00:00s2024-03-11v105.00yBB